| 000 | 00495nam a2200205Ia 4500 | ||
|---|---|---|---|
| 008 | 210210b1949 xxu||||| |||| 00| 0 eng d | ||
| 041 | _aeng | ||
| 082 | _a544/128 | ||
| 100 | _aSINGH (Niranjan) | ||
| 245 | _aIntroduction to modern physical chemistry | ||
| 260 |
_aDelhi _bAtma Ram & Sons _c1949 |
||
| 300 | _a411 | ||
| 650 | _aphysical | ||
| 650 | _amodern | ||
| 650 | _aIntroduction | ||
| 650 | _achemistry | ||
| 690 | _aChemistry | ||
| 700 | _aSINGH (Jagindar) | ||
| 906 | _a009784 | ||
| 999 |
_c127146 _d127146 |
||